| 000 | 00697cab a2200217 4500 | ||
|---|---|---|---|
| 001 | WB3304-30 | ||
| 008 | 090401t1997 xxu||||| |||| 00| 0 eng d | ||
| 035 | _a(Sirsi) u33129 | ||
| 041 | _aeng | ||
| 245 | _a1997 SAPS and HLCA (Sheep) applicaitons | ||
| 260 | _c1997 | ||
| 350 | _a0 | ||
| 490 |
_aMAFF News Release _v(18/97) 17 January 1997, (2) |
||
| 520 | _aThe closing date for applications for the 1997 SAPS and HCLA (Sheep) is 4 February 1997. Late claims can be accepted up to 3 March 1997. | ||
| 650 | _aHILL LIVESTOCK COMPENSATORY ALLOWANCES | ||
| 650 | _aSHEEP ANNUAL PREMIUM SCHEME | ||
| 650 | _aSHEEP QUOTAS | ||
| 690 | _aRURAL PRACTICE | ||
| 942 | _n0 | ||
| 948 | _c04/03/1997 | ||
| 999 |
_c22146 _d22146 |
||